| 000 | 00419nam a22001577a 4500 | ||
|---|---|---|---|
| 003 | OSt | ||
| 005 | 20170105102939.0 | ||
| 040 | _a0 | ||
| 082 |
_a320 _bMAL 2015 |
||
| 100 | _aMalik, Nadeem Shafiq | ||
| 245 |
_aIndia vs China a Review of Aksai Chin Broder Dispute _cNadeem Shafiq Malik |
||
| 260 |
_aIslamabad _bEmel Publication _c2015 |
||
| 300 |
_a184p. _b ill. _c 25cm. |
||
| 650 | _aPolitical Science | ||
| 942 |
_2ddc _cBK |
||
| 999 |
_c16412 _d16412 |
||